Preukazovanie výdavkov na účely zistenia základu dane z príjmov v SR a ČR diplomová práca

Saved in:
Bibliographic Details
Main Author: Šandrejová, Barbora
Corporate Author: Fakulta hospodárskej informatiky EU. Katedra účtovníctva a audítorstva
Other Authors: Solík, Ján
Format: Book
Language:Slovak
Published: Bratislava 2011
Tags: Add Tag
No Tags, Be the first to tag this record!

MARC

LEADER 00000nbm a2200000 4500
001 0140827
005 20161109101953.4
041 0 |a slo 
044 |a SK 
245 1 0 |a Preukazovanie výdavkov na účely zistenia základu dane z príjmov v SR a ČR  |b diplomová práca  |c Barbora Šandrejová ; školiteľ: Ján Solík 
264 1 |a Bratislava  |c 2011 
300 |a 69 s. 
100 1 |a Šandrejová, Barbora 
700 1 |a Solík, Ján 
710 2 |a Fakulta hospodárskej informatiky EU. Katedra účtovníctva a audítorstva